Unpublished papers. I /
Guardado en:
| Autor Principal: | |
|---|---|
| Autor Corporativo: | |
| Formato: | Libro |
| Idioma: | Spanish |
| Publicado: |
Bahía Blanca :
Instituto de Matemática, Universidad Nacional del Sur,
1996.
|
| Series: | Notas de lógica matemática,
40 Notas de lógica matemática (Instituto de Matemática, Universidad Nacional del Sur) ; 40 |
| Acceso en línea: | Texto escaneado (PDF) |
| Etiquetas: |
Agregar Etiqueta
Sin Etiquetas, Sea el primero en etiquetar este registro!
|
| LEADER | 01862nam a2200217 a 4500 | ||
|---|---|---|---|
| 001 | MAT.inmabb006469 | ||
| 008 | 110330s1996####ag#######b###f000#0#spa## | ||
| 005 | 20151229115240.0 | ||
| 245 | 1 | 0 | |a Unpublished papers. |n I / |c por A. Monteiro. |
| 260 | |a Bahía Blanca : |b Instituto de Matemática, Universidad Nacional del Sur, |c 1996. | ||
| 300 | |a 112 p. ; |c 27 cm. | ||
| 440 | 0 | |a Notas de lógica matemática, |x 0078-2017 ; |v 40 | |
| 500 | |a Es una redacción y publicación en la colección de difusión interna, de todos los trabajos inéditos del Dr. Antonio Monteiro. | ||
| 505 | 0 | |a Antonio Monteiro and Luisa Iturrioz, Les algèbres de Tarski avec un nombre fini de générateurs libres (9 pp.) -- Antonio Monteiro, Construction des algèbres de Boole libres dans les algèbres de Lukasiewicz trivalentes libres (11 pp.) -- Antonio Monteiro, Représentation d'une algèbre de Lukasiewicz trivalente par une algèbre de Lukasiewicz trivalente d'ensembles. Caractère universel de la construction ${ scr L}$L des algèbres de Lukasiewicz trivalentes (32 pp.) -- António Monteiro and Luiz Monteiro, Axiomes indépendants pour les algèbres de Nelson, de Lukasiewicz trivalentes, de De Morgan et de Kleene (13 pp.) -- Antonio Monteiro and Luiz F. Monteiro, Algèbres de Stone libres (20 pp.) -- António Monteiro, Les algèbres de Nelson semi-simples (18 pp.) -- Antonio Monteiro, Les algèbres de Hilbert linéaires (16 pp.). | |
| 510 | 4 | |a MR, |c 97i:06009 | |
| 100 | 1 | |a Monteiro, Antonio A. R. |q (Antonio Aniceto Ribeiro), |d 1907-1980. | |
| 710 | 2 | |a Instituto de Matemática. INMABB. UNS. CONICET. | |
| 830 | 0 | |a Notas de lógica matemática (Instituto de Matemática, Universidad Nacional del Sur) ; |v 40 | |
| 084 | |a MR |2 06D30 (01A75 03-06 03G10 03G20 06-06) | ||
| 856 | 4 | 1 | |u http://inmabb-conicet.gob.ar/publicaciones/nlm/Nlm-40.pdf |y Texto escaneado (PDF) |
| 859 | |b BIB. MATEMATICA | ||
